000 00291nam a22001337a 4500
008 170927b xxu||||| |||| 00| 0 eng d
020 _a052106004956
041 _aeng
080 _a37
100 _a46
101 _aEDU
245 _aTHE ELEMENTS OF GRAMMAR
_cSHERTZER,M
942 _2udc
_cBK
999 _c30133
_d30133